Zavádzanie nástrojov Business Intelligence v praxi
Business Intelligence (BI) je súhrnom postupov a softvérových nástrojov, ktoré pomáhajú užívateľom spracovávať a vyhodnocovať veľké objemy dát a získavať z nich dôležité informácie na podporu rozhodovania. Nástroje BI odhaľujú a zvýrazňujú závislosti procesov a udalostí, vyhľadávajú celofiremné siln...
Salvato in:
| Autore principale: | |
|---|---|
| Altri autori: | , |
| Natura: | Capitolo di libro |
| Lingua: | slovacco |
| Soggetti: | |
| Tags: |
Nessun Tag, puoi essere il primo ad aggiungerne!!
|
MARC
| LEADER | 00000nla$a2200000$$$4500 | ||
|---|---|---|---|
| 001 | 0128426 | ||
| 005 | 20240605065024.9 | ||
| 041 | 0 | |a slo | |
| 044 | |a SK | ||
| 245 | 1 | 0 | |a Zavádzanie nástrojov Business Intelligence v praxi |c Štefan Čarnický, Jaroslav Dugas, Juraj Neufeld |
| 520 | |a Business Intelligence (BI) je súhrnom postupov a softvérových nástrojov, ktoré pomáhajú užívateľom spracovávať a vyhodnocovať veľké objemy dát a získavať z nich dôležité informácie na podporu rozhodovania. Nástroje BI odhaľujú a zvýrazňujú závislosti procesov a udalostí, vyhľadávajú celofiremné silné a slabé miesta, napomáhajú pri manažérskom rozhodovaní a tým zlepšujú výsledky firmy. | ||
| 610 | 2 | 0 | |a riadenie podnikové |
| 610 | 2 | 0 | |a rozhodovanie podnikové |
| 610 | 2 | 0 | |a metódy riadenia |
| 610 | 2 | 0 | |a nástroje riadenia |
| 100 | 1 | |a Čarnický, Štefan | |
| 700 | 1 | |a Dugas, Jaroslav, 1967- | |
| 700 | 1 | |a Neufeld, Juraj, 1946- | |